00767nam a2200229Ii 45000010005000000030009000050080041000140200015000550400033000700410008001030820016001111000037001272450038001642640039002023000012002413360026002533370028002793380027003079400050003349990017003849520136004011975CO-ViMGA241108s9999||||xx |||||||||||||| ||und|| a8497320093 aCO-ViMGAbspaerdacCO-ViMGA0 aspa04a363.11 S67p1 aSergio de la Sota Velasco95211110aPrevención de riesgos laborales 1aMadrid, España : Paraninfo, 2001 avolumen atextbtxt2rdacontent aunmediatedbn2rdamedia avolumebnc2rdacarrier aidficha_siabuc: 1934. -- ficha_no_siabuc:1975 c46878d46878 001040708001aMEVIGERRbMEVIGERRcGENd2004-06-28o363.11 S67ppECA14709r2024-11-26 09:36:41tEj.1w2024-11-26yBKz1934 | 2298